| 000 | 01538cam a22003737i 4500 | ||
|---|---|---|---|
| 001 | 2350 | ||
| 005 | 20231117154750.0 | ||
| 020 | _a9780385378529 (pbk.) | ||
| 020 | _a0385378521 (pbk.) | ||
| 020 | _a9781480634480 (Paw Prints) | ||
| 020 | _a1480634484 (Paw Prints) | ||
| 040 |
_aYDXCP _beng _cYDXCP _erda _dBTCTA _dJTH _dOPW _dDLC |
||
| 050 | 0 | 0 |
_aPZ7.L5894 _bSs 2014 |
| 082 | 0 | 0 |
_a433 _223 |
| 100 | 1 |
_aLewman, David _eauthor |
|
| 245 | 1 | 0 |
_aSpongeBob's slap shot / _cby David Lewman ; illustrated by Harry Moore. |
| 246 | 3 | _aSpongeBob's slapshot | |
| 260 |
_aNew York : _bSimon Spotlight, _c2008 |
||
| 300 |
_a1 volume (unpaged) : _bcolor illustrations ; _c21 cm |
||
| 490 | 1 | _aA Random House pictureback book | |
| 500 | _aAt head of title: Nickelodeon SpongeBob SquarePants. | ||
| 500 | _a"Based on the TV series SpongeBob SquarePants created by Stephen Hillenburg as seen on Nickelodeon"--T.p. verso. | ||
| 500 | _aOriginally published in 2008. | ||
| 505 | _aK | ||
| 520 | _a"SpongeBob amazes an ice-hockey scout with his skills while sweeping up the Krusty Krab, and he soon finds himself playing professional hockey! But when he realizes whose team he is playing for, and who he must play against, SpongeBob starts having second thoughts"--Publisher. | ||
| 521 |
_a570 _bLexile |
||
| 521 |
_aK _bRaz-Plus |
||
| 650 | 0 | _aHockey stories. | |
| 650 | 1 |
_aHockey _vFiction. |
|
| 650 | 1 | _aPicture books. | |
| 700 | 1 |
_aMoore, Harry _eillustrator |
|
| 906 |
_a7 _bcbc _ccopycat _d2 _encip _f20 _gy-gencatlg |
||
| 942 |
_2ddc _cBK _n0 |
||
| 999 |
_c2350 _d2350 |
||